|
|
|
|
| LEADER |
00000naa2a2200000 4500 |
| 001 |
385200 |
| 005 |
20231101063337.0 |
| 035 |
|
|
|a (RuTPU)RU\TPU\prd\12815
|
| 090 |
|
|
|a 385200
|
| 100 |
|
|
|a 20030418a2003 k y0rusy50 ca
|
| 101 |
0 |
|
|a rus
|
| 102 |
|
|
|a RU
|
| 200 |
1 |
|
|a Распределение 20-гидроксиэкдизона в генеративных растениях Serratula coronata L.
|f И. Ф. Чадин, Н. А. Колегова, В. В. Володин
|
| 320 |
|
|
|a Библиогр.: 13 назв.
|
| 461 |
|
1 |
|0 (RuTPU)RU\TPU\prd\1754
|x 0869-8619
|t Сибирский экологический журнал
|o научный журнал
|f Российская академия наук (РАН), Сибирское отделение (СО)
|d 1995-
|
| 463 |
|
1 |
|0 (RuTPU)RU\TPU\prd\12661
|t № 1
|v С. 49-53
|d 2003
|
| 610 |
1 |
|
|a растения
|
| 610 |
1 |
|
|a 20-гидроксиэкдизона
|
| 610 |
1 |
|
|a низкомолекулярные соединения
|
| 610 |
1 |
|
|a коэволюция
|
| 610 |
1 |
|
|a насекомые -фитофаги
|
| 610 |
1 |
|
|a изучение
|
| 675 |
|
|
|a 582.988:577.117
|v 3
|
| 700 |
|
1 |
|a Чадин
|b И. Ф.
|
| 701 |
|
1 |
|a Колегова
|b Н. А.
|
| 701 |
|
1 |
|a Володин
|b В. В.
|
| 801 |
|
1 |
|a RU
|b 63413507
|c 20030418
|g PSBO
|
| 801 |
|
2 |
|a RU
|b 63413507
|c 20131209
|g RCR
|
| 942 |
|
|
|c BK
|